[Event "11th Norway Blitz 2023"]
[Site "Stavanger NOR"]
[Date "2023.05.29"]
[Round "1.1"]
[White "Giri, Anish"]
[Black "Carlsen, Magnus"]
[Result "1/2-1/2"]
[WhiteElo "2768"]
[BlackElo "2853"]
[Annotator "Ralph Dubisch"]
[PlyCount "149"]
[EventDate "2023.05.29"]
[EventType "blitz"]

{In the first round, GM Anish Giri plays solidly against GM Magnus Carlsen,
Magnus over-presses and loses material, and Giri reaches a relatively simple
winning ending -- only to blow it, allowing his last pawn to be captured.
Perhaps this set the tone for the blitz portion of the tournament, as Giri
definitely did not do well at fast chess here.} 1. e4 c5 2. Nf3 e6 3. c3 Nf6 4.
e5 Nd5 5. Bc4 d6 6. d4 cxd4 7. cxd4 Nb6 8. Bd3 dxe5 9. dxe5 Bd7 10. O-O Bc6 11.
Nc3 N8d7 12. Be4 Bxe4 13. Nxe4 Nc5 14. Qe2 Qd3 15. Qxd3 Nxd3 16. Rd1 Nc5 17.
Nc3 Be7 18. Kf1 Rc8 19. Be3 Nc4 20. Bxc5 Rxc5 21. Ne4 Rc8 22. Rac1 O-O 23. Ke2
Nb6 (23... Nxb2 24. Rxc8 Rxc8 25. Rd7 Rc2+ 26. Nfd2) 24. Ne1 h5 25. Nd3 Nd5 26.
g3 Kh7 27. h3 Rfd8 28. Rxc8 Rxc8 29. Rc1 Rxc1 30. Nxc1 Kg6 31. Nd3 b6 32. f4 f5
33. exf6 gxf6 34. Kf3 Nb4 35. Nxb4 Bxb4 36. g4 hxg4+ 37. hxg4 f5 38. gxf5+ exf5
39. Ng3 Kf6 40. Nf1 Ke6 41. Ng3 b5 42. b3 Be1 43. Nf1 Bb4 44. Ng3 Bd6 45. Ne2
Bc5 46. Ng3 a5 47. a4 b4 48. Ke2 Bd4 49. Kf3 Bb2 50. Ke3 Bc1+ 51. Kf3 Bd2 52.
Nf1 Be1 53. Ne3 Bc3 $4 ({This has been dead equal for quite a long time, but
Carlsen has made a living (and won the World Championship) by grinding out
just such apparently dull positions. This time his sense of danger deserts him.
} 53... Bh4 54. Nc4 Bd8) 54. Nc4 Kd5 55. Nxa5 Bd4 {diagram} 56. Ke2 $2 ({
Things start to wobble as time grows short.} 56. Nc4 Ba7 57. a5 Kd4 58. a6 Kc3
(58... Kc5 59. Ne3) 59. Na5 $18) 56... Bc5 (56... Ke4 $2 57. Nc6 Bc5 58. a5 {
was likely the reason for White's move 56.}) (56... Bg1 $1 {suggests attacking
the f-pawn from the rear, and makes it hard for White to progress.}) 57. Nc4
Ke4 58. Nb2 $2 (58. Ne5 Bd6 59. a5) 58... Bd6 59. Nd3 {diagram} Kd4 $2 ({
Surprisingly,} 59... Bc7 $1 {holds the draw.} 60. Nxb4 (60. Nc5+ Kd5 61. Na6
Bxf4 62. Nxb4+ Ke4) (60. Kd2 Ba5 61. Ne5 Bc7 62. Ke2 Bxe5 63. fxe5 Kxe5 64. Ke3
Kd5 65. Kf4 Ke6 66. a5 Kd5 67. Kxf5 Kc5 68. Ke5 Kb5 69. Kd5 Kxa5 70. Kc4 Ka6
71. Kxb4 Kb6) 60... Bxf4 61. a5 Bc7 62. Nc6 f4 63. a6 Bb6 64. a7 f3+ 65. Ke1
Bxa7 66. Nxa7 Kd4) 60. a5 Kc3 61. a6 Bb8 62. Ne5 Ba7 63. Nc6 Bc5 64. a7 Bxa7
65. Nxa7 Kxb3 66. Kd3 Ka2 67. Nb5 b3 68. Nc3+ Kb2 69. Kd2 Ka3 70. Nd1 Kb4 71.
Kd3 ({Direct and clear is} 71. Ne3 Ka3 (71... b2 72. Kc2 b1=Q+ 73. Kxb1 Kc3 74.
Nxf5 Kd3 75. Ng3 Kd4 76. Kc2) (71... Kc5 72. Nxf5 Kd5 73. Ng3 $18) 72. Kc3 Ka2
73. Nc4 $18) 71... Kc5 {diagram} 72. Ne3 $4 ({Watching live, I was rather
shocked to see a strong Grandmaster fail to win this position with White. One
straightforward plan:} 72. Nb2 Kd5 (72... Kb4 73. Kd4 Ka3 74. Nd3) 73. Na4 Kc6
74. Kd4 Kd6 (74... Kb5 75. Nc3+ Kb4 76. Nd1 $18) 75. Nb2 Ke6 76. Nc4 Kf6 77.
Kd5 $18) 72... b2 73. Kc2 Kd4 74. Nxf5+ Ke4 75. Kxb2 {Perhaps this one we can
chalk up to the magic power of the Magnus.} 1/2-1/2

[Event "11th Norway Blitz 2023"]
[Site "Stavanger NOR"]
[Date "2023.05.29"]
[Round "9.4"]
[White "Caruana, Fabiano"]
[Black "Giri, Anish"]
[Result "1/2-1/2"]
[WhiteElo "2764"]
[BlackElo "2768"]
[Annotator "Ralph Dubisch"]
[PlyCount "208"]
[EventDate "2023.05.29"]
[EventType "blitz"]

{Here we are in the last round. The blitz portion of the tournament has not
been particularly kind to Giri, but he has a chance to set the mood for the
coming classical tournament.^^ There are some twists and turns in this game,
such as White's decisions around move 26 and 34, and Black's preference for ...
d4 over ...h4 on move 39, but I wanted to focus mainly on the king and pawn
endgame starting before White's move 77. That world-class super-Grandmasters
can fail in these so-called trivial endings shows just how difficult our game
can be.} 1. d4 d5 2. Bf4 Nf6 3. e3 c5 4. Nf3 Nc6 5. Nbd2 Nh5 6. dxc5 Nxf4 7.
exf4 g6 8. Be2 Bg7 9. c3 O-O 10. Nb3 Bg4 11. Nfd4 Bxe2 12. Qxe2 e5 13. fxe5
Bxe5 14. O-O Re8 15. Qd3 Bg7 16. Nf3 Qd7 17. Rad1 Rad8 18. Nbd4 a6 19. h3 Bf6
20. Rfe1 Kg7 21. b4 Nxd4 22. Nxd4 Be5 23. Re2 Bf6 24. Rde1 Rxe2 25. Rxe2 h5 26.
c6 $2 bxc6 27. Qxa6 Rc8 28. Re3 c5 29. bxc5 Rxc5 30. Qe2 Qa4 31. Rd3 Qc4 32. g3
Ra5 33. Nb3 Rxa2 34. Qxa2 $6 (34. Nd2 $13) 34... Qxd3 35. Nc5 Qf3 36. Qa7 Qxc3
37. Ne6+ Kg8 38. Nf4 Qe1+ 39. Kh2 d4 $2 (39... h4 $17) 40. Qa8+ Kg7 41. Qf3 Qe5
42. Nd3 Qe6 43. Kg2 h4 44. g4 g5 45. Nc5 Qe5 46. Nd3 Qe6 47. Nc5 Qd6 48. Ne4
Qe5 49. Nd2 Be7 50. Qd3 Qd5+ 51. Nf3 Bf6 52. Kg1 Qd6 53. Nd2 Qd5 54. Nf3 Qd6
55. Nd2 Qd5 56. Ne4 Be7 57. Nc3 Qe5 58. Ne4 Bd6 59. Kf1 Be7 60. Nd2 Qd5 61. Nf3
Bf6 62. Kg2 Kg8 63. Kg1 Kg7 64. Ne1 Qe5 65. Nf3 Qd5 66. Nd2 Be7 67. Nc4 Bd6 68.
Ne3 Bh2+ 69. Kxh2 Qe5+ 70. Kg2 dxe3 71. Qxe3 Qxe3 72. fxe3 Kf6 73. Kf2 Ke5 74.
Kf3 Kd5 75. Kf2 Kc4 76. Ke2 Kc3 {diagram} 77. Kf2 $4 ({Also} 77. Kf3 $4 Kd3 78.
e4 f6 79. Kf2 Kd2 $1 80. Kf3 Ke1 $1 $19) ({The saving line for White is far
from obvious, at least in a blitz game, even for the top players in the world.
} 77. e4 $3 Kd4 78. Kf3 $1 (78. e5 Ke4 $3 79. Kf2 Kf4 $1 $19) 78... Kd3 79. e5
$1 Kd4 80. Kf2 $1 Ke4 81. Ke2 Kf4 82. Kf2 Kxe5 83. Ke3) 77... Kd2 78. Kf3 Ke1
79. e4 Kd2 $4 ({Now, having infiltrated White's position, Black can and should
take the opposition and win this king and pawn ending. The most elegant win
here is} 79... f6 $1 80. Ke3 (80. e5 fxe5 81. Ke4 Kf2 $19) 80... Kf1 81. Kf3
Kg1 82. e5 fxe5 83. Ke4 Kh2 84. Kxe5 (84. Kf5 e4 85. Kxe4 Kxh3 86. Kf3 Kh2 87.
Kf2 h3 $19) 84... Kxh3 85. Kf5 Kg3 86. Kxg5 h3 $19) ({The line I would have
chosen here (yes, even in a blitz game) also wins, coming around the back side
to capture h3:} 79... Kf1 80. e5 Kg1 81. Ke4 Kg2 82. Kf5 Kxh3 83. Kf6 (83. Kxg5
Kg3 84. Kf6 h3 85. Kxf7 h2 86. e6 h1=Q 87. e7 Qf3+ {and wins.}) 83... Kxg4 84.
Kxf7 h3 85. e6 h2 86. e7 h1=Q 87. e8=Q Qh5+ 88. Ke7 Qxe8+ 89. Kxe8 Kf3 $19 {
^^Instead, Giri goes for the win of the e-pawn, unaware that the positions he
will reach with an extra pawn but giving the defense the opposition cannot be
won by Black.}) 80. e5 Kd3 ({Now there's no time to return to attack the
h-pawn, as the white king gets to the black pawns too quickly.} 80... Ke1 81.
Ke4 Kf2 82. Kf5 Kg2 83. Kxg5 Kxh3 84. Kf4 Kg2 85. e6 fxe6 86. g5 h3 87. g6 h2
88. g7 h1=Q 89. g8=Q+ Kf1 90. Qxe6) 81. Kf2 Ke4 82. Ke2 Kxe5 83. Ke3 Kd5 ({
The key concept for the defense here is that} 83... f6 {, apparently forcing
the white king to give ground, is met by} 84. Kf3 $1 Kd4 85. Kf2 $1 {with the
diagonal opposition, when Black cannot make progress. This appears in the game
on move 87.}) 84. Kd3 Ke5 85. Ke3 f6 86. Kf3 Kd4 87. Kf2 Ke4 88. Ke2 Kd4 89.
Kd2 Ke4 90. Ke2 Kf4 91. Kf2 f5 92. gxf5 Kxf5 93. Kf3 Kf6 94. Kf2 ({Even} 94.
Kg4 Kg6 95. Kf3 Kf5 96. Ke3 {is still a draw.}) 94... Ke6 95. Ke2 Ke7 96. Ke1
Kd6 97. Kd2 Kd7 98. Kd1 {diagram} Ke6 ({Here the commentators were going crazy,
saying Anish had missed} 98... g4 {, "winning" with the breakthrough!^^Only
problem is, no, it isn't winning:} 99. Ke2 $1 g3 100. Kf1 {There's no way for
the black king to get at that h3-pawn without first delivering stalemate.}) 99.
Ke2 Kf7 100. Kf1 Kg7 101. Kg2 Kg6 102. Kf2 Kf6 103. Kf3 Kf5 104. Ke3 Ke5
1/2-1/2

[Event "National Elem School Championship K-3"]
[Site "Baltimore"]
[Date "2023.05.15"]
[Round "7"]
[White "Wang, Ted"]
[Black "Zhu, Linxi"]
[Result "1-0"]
[WhiteElo "1900"]
[BlackElo "2004"]
[Annotator "IM Sandeep Sethuraman"]
[PlyCount "141"]
[EventDate "2023.??.??"]

1. e4 c5 2. Nf3 d6 3. c3 Nf6 4. Be2 {A "quiet" Sicilian, but it comes with a
nasty trap if Black gets too greedy.} g6 (4... Nxe4 $4 5. Qa4+ {would be quite
embarrassing.}) 5. O-O Bg7 6. Bb5+ {Wang has done his homework! White loses a
tempo with the bishop, but claims that he has enticed Black into fianchettoing
and will now play d2-d4 to create a strong center.} Nc6 $1 {Zhu has also done
his homework! This is the least natural blocking move, but it is where the
knight wants to be, and it doesn't allow a bishop trade.} (6... Bd7 7. Bxd7+
Nbxd7 8. Qe2 {was a much more common continuation.}) 7. d4 O-O 8. d5 Nb8 $6 {
The first slip-up. It seems like the most natural square, but the only place
this knight can go now is to d7, where it will block in the c8-bishop and
hinder Black's development.} (8... Na5 {is actually more accurate, when Black
is threatening ... a7-a6 and ... b7-b5. If White plays} 9. Bd3 {then Black
plays} a6 {anyways and Black is fine.}) 9. Bd3 $6 {Moving a piece three times
in the first nine moves is usually a red flag. Here the consequences are
minimal with such a closed position, but still it's not ideal.} (9. Re1 {
is better and much more natural, so it's difficult to explain the move in the
game.} e6 {Black has to create a square for the light-squared bishop.} 10. dxe6
Bxe6 11. Bf4 d5 $5 {gets rid of a weakness, but opens the position when you're
behind in development.} 12. exd5 Nxd5 13. Bg3 {and White has the lead in
development.}) 9... a6 10. a4 $1 {A strong prophylactic move, and now its
difficult for Black to make moves with such little space.} e5 $2 {and Zhu
immediately goes astray. This is what happens when you make it uncomfortable
for your opponent to make moves.} (10... e6 $1 {was necessary to alleviate
Black's lack of space.} 11. Qb3 exd5 12. exd5 Nbd7 {and the trade of the
e7-pawn for the e4-pawn has made the d5-pawn a bit loose and created some
squares for the black pieces, so Black isn't too much worse here.}) 11. Ne1 (
11. Na3 $1 $16 {a common motif with the knight headed to c4 and a pawn on a4
that will eventually fix the black queenside with a4-a5.}) 11... c4 $5 {
Giving White a chance to misstep, but Wang is too strong for that.} 12. Bc2 $1
{Keeping the more important e4-pawn.} Bg4 {provokes a move that improves
White's position, but Black just had no alternatives.} (12... Nbd7 13. Be3 $16
{taking away the only good square for the knight.}) 13. f3 Bd7 14. Qe2 Qc8 15.
Be3 Nh5 16. Nd2 b5 $1 {If Black is going to get back into this game he needs
to change the nature of the position, because White has controlled the whole
game so far and is easily better.} 17. axb5 Bxb5 18. Ba4 $6 {and when you
create counterplay you get results; Wang makes his first real error of the
game. The bishop on b5 looks like it holds the position together, but Black's
queenside was frozen so White should have played on the kingside.} (18. g3 $1 {
slow improvement and Black has nothing.} Nd7 19. Ng2) 18... Nd7 19. Nc2 Nf4 $1
{Every KID player knows this idea to rejuvenate the KID bishop which turns
into a monster.} 20. Bxf4 exf4 {The doubled pawns are worth it.} 21. Nb4 Ne5
22. Qd1 $2 {White is rattled and he starts retreating, not a great sign.} (22.
Rfd1 {There was nothing terribly wrong with the normal moves, but Black's
position is already favorable with the new outpost on e5.} Qb7 23. Kf1 Rfc8 $17
) 22... Qc5+ 23. Kh1 a5 $1 {Highlighting the miscoordination in the white camp.
} 24. Nc2 (24. Nc6 {was no better:} Nxc6 25. dxc6 Qxc6 {and Black is simply up
a pawn.}) 24... Bxa4 $2 {The wrong trade; Black should have kept the bishops,
because White's a4-bishop was out of play and it would take some moves to
bring it back.} (24... Ba6 $1 {now it's hard to bring the bishop back.} 25. Nd4
Nd3 $19 {and too many things are hanging.}) 25. Rxa4 Nd3 26. Nxc4 $1 {The best
chance to create some counterplay. Against a dark-squared bishop, placing
pieces on light squares is very effective.} Nf2+ 27. Rxf2 Qxf2 28. Nxd6 {
The best practical chance for counterplay with passed pawns.} Ra6 $4 {and now
White is suddenly better. Two pawns for the exchange and a coming avalanche of
pawns.} (28... Rab8 $1 {would have created threats for White to take care of.}
29. Nc4 Rfc8 {and ... Rc8xc4 is a real threat.} 30. h3 Rxc4 $1 {and the white
position crumbles after} 31. Rxc4 Rxb2 32. d6 Bf6 $1 $19 {and the d-pawn is
going nowhere.}) 29. Nc4 Rd8 30. Nb4 $6 {Based on mutual blindness, but a good
move in spirit.} Rf6 (30... axb4 $3 {The last equalizer.} 31. Rxa6 bxc3 32.
bxc3 Bxc3 {Black is down a pawn and has a "bad" bishop against a good knight
but is somehow fine. That's why nobody can blame either player for missing
this. The reason this is so good is the threat of ... Bc3-e1, when Ra6-a1 is
impossible, so White is the one that has to be careful.} 33. h3 Be1 34. Qd3 {
White is on thin ice.} Rb8 35. Kh2 Qg3+ 36. Kh1 Qf2 {with perpetual.}) 31. Nd3
{Now once White consolidates, the pawns will crush the rooks.} Qh4 32. Qe1 $1 {
The queen trade would effectively end the game, so Black must waste another
tempo.} Qh5 33. Rxa5 g5 34. h3 Rh6 35. Kg1 $1 {Not the top engine move but a
good example of how prophylactic moves in completely winning positions can be
useful practically, especially with low time.} Qg6 36. Qa1 g4 37. hxg4 Qg5 38.
Qe1 (38. Ra8 $1 {was even simpler.}) 38... Rc8 39. b3 Qd8 40. Ra2 Ra8 41. Rc2
$6 {Now some passive play has let Black back into the game, but from here
White's technique is flawless.} Qb8 42. b4 Qb5 43. Ncb2 Bf8 $2 {The final
error.} (43... Ra2 $1 {was the last shot at counterplay.} 44. Nc1 Ra1 45. Nbd3
{and White was still winning, but there's work to be done.}) 44. c4 Qb6+ 45. c5
Qf6 46. e5 {White's position is overwhelming. The rest is easy.} Qg5 47. c6 Rh4
48. c7 Qh6 49. Nf2 Rc8 50. Qd1 Bd6 51. exd6 Qxd6 52. Rc6 Qd7 53. Ne4 Kh8 54.
Qd4+ f6 55. Qxf6+ Qg7 56. Qxg7+ Kxg7 57. d6 Rh6 58. d7 Rxc6 59. dxc8=Q Rc1+ 60.
Kh2 Kf7 61. Qd7+ Kg6 62. Qd6+ Kg7 63. Qe5+ Kg8 64. c8=R+ Rxc8 65. Qe6+ Kg7 66.
Qxc8 h5 67. Qd7+ Kg6 68. Qf5+ Kh6 69. Qg5+ Kh7 70. Nf6+ Kh8 71. Qh6# {1-0
White wins.} 1-0

[Event "National Elem School Championship K-5"]
[Site "Bal"]
[Date "2023.05.15"]
[Round "6"]
[White "Jammalamadaka, Vihan"]
[Black "Rallabandi, Krishna"]
[Result "0-1"]
[WhiteElo "1871"]
[BlackElo "2095"]
[Annotator "IM Sandeep Sethuraman"]
[PlyCount "80"]
[EventDate "2023.??.??"]

1. d4 Nf6 2. c4 g6 3. Nc3 d5 {The Grunfeld Defense. Black's plan is to capture
on c3 to give a target for the g7-bishop that can be exploited with ... c7-c5
and ... Nb8-c6 to pressure the d4-pawn and the white center as a whole.} 4.
cxd5 Nxd5 5. e4 Nxc3 6. bxc3 Bg7 7. Bb5+ $5 {Not completely out of the blue by
any means, but still definitely a surprise. Usually players develop their
knight first as in almost all cases it belongs on f3, while with the bishop
you don't know if it should go to b5, d3, or even sometimes c4. However, this
provokes a ... c7-c6 move by Black that is basically a throwaway since he will
always go c5.} (7. Nf3 c5 8. Be3 (8. Rb1 {is another line with a lot of
history, and this move in particular is very common in the Grunfeld as it gets
the rook off of the dangerous long diagonal while preventing Black from
developing his bishop for the time being.}) 8... Qa5 9. Qd2 Nc6 {shows Black's
usual method of applying pressure and White's typical attempts to maintain his
space advantage.}) 7... c6 8. Ba4 O-O 9. Ne2 {The point of an early Bf1-b5+.
White prefers to keep an eye on the c3-pawn and maybe allow for an eventual
f2-f4.} b5 $1 {Not a random expansion, it's actually a useful move that fixes
the White pawns and opens up the b7-square for the c8-bishop.} (9... c5 {
is the alternative, but Rallabandi didn't fancy losing a tempo, and instead
makes use of the pawn's provoked placement on c6.} 10. O-O Nc6) 10. Bb3 a5 11.
O-O Ba6 (11... Nd7 {is the more common continuation where usual developments
include} 12. Bg5 a4 13. Bc2 Nb6 {and with his bind on the queenside and the
light squares, Black can never be worse.}) 12. Bb2 $2 {The bishop doesn't
belong here. For one, its staring into it's own pawns, but it also becomes
target to a4-a3 ideas from Black, and and Be3 Qd2 Bh6 ideas are out of the
window.} Nd7 13. Re1 Nb6 (13... a4 14. Bc2 e5 $1 {would have taken advantage
of White's misplaced pieces.} 15. Qd2 Qc7 $15 {and it's not clear how either
of the white bishops will re-enter the game, while Black's bishops seem to be
on the perfect squares}) 14. Ba3 {Impressive. It's not easy to move a bishop
you just placed on b2 2 moves ago, but Jammalamadaka finds one of the top moves
} Qc7 15. Ng3 Rfd8 (15... b4 $5 {An interesting variation} 16. cxb4 a4 {
and Black's idea becomes clear. It's a common motif, sacrificing a pawn to
close down one of the opponent's pieces} 17. Bc2 Nc4 18. Bc1 Qb6 $15 {and the
difference in the quality of pieces is as clear as day}) 16. Qf3 e5 $6 {
It would have been better to take care of f7 instead of having the queen
babysit} (16... e6 $17 {Now White's pieces are all developed, but they're on
the wrong squares. The knight is very restricted and the bishops point at
nothing.}) 17. Bc5 exd4 18. e5 $1 {taking advantage of the slight airiness
around the black king.} (18. cxd4 $6 {wasn't as strong.} Bxd4 19. Bxd4 Rxd4 20.
Qf6 Rad8 21. Nf5 $5 {The only way to justify the sacrifice.} gxf5 22. exf5 {
White looks like he's gone crazy, but it's zeros!} Qd7 23. Qg5+ Kh8 24. Qf6+
Kg8 {with perpetual.}) 18... Nd5 (18... d3 $1 {the best defense.} 19. e6 {
the point of getting the pawn to e5!} Nc4 $1 {shutting down an important piece
for White's attack.} 20. e7 $1 {creating this passer ties down the black
pieces allowing White to start operations elsewhere:} Re8 21. Qxd3 $16) 19.
cxd4 a4 20. Bc2 (20. Bxd5 {was another path and it's up to personal preference
here.} Rxd5 21. Rac1 $16 {Black has the two bishops, but the one on a6 is
nothing to brag about, and White has full control of the dark squares.}) 20...
Bf8 21. Bxf8 Rxf8 22. Ne4 (22. Rac1 $1 {was a huge chance to exert maximum
pressure on Black. Bc2-e4 is a huge threat.} Qe7 23. Bb1 b4 24. Ne4 {and
White's pieces are finding great squares while Black's bishop is still staring
into space.}) 22... Rad8 23. Rad1 Bc8 24. Nd6 f6 (24... Rxd6 $1 {eliminating
the knight and pawn was definitely worth one of Black's rooks. Now either a
knight or bishop on d5 would anchor Black's position and make it very
difficult for White to make progress.} 25. exd6 Qxd6 26. a3 Be6 {and Black is
completely fine.}) 25. Qg3 fxe5 26. dxe5 Be6 27. Bxg6 $1 {Jammalamadaka is
always on the lookout for tactics. Black's last move loosened the bishop, and
this is the perfect way to take advantage.} (27. h4 $1 {was an equally good
option. Black will have huge problems stopping the initiative.}) 27... Kh8 $2 {
just because White won a pawn doesn't mean the attack is over. It was time to
bail out into an endgame, but Rallabandi wanted pieces on the board.} (27...
Qg7 {was the lesser evil.} 28. Bh5 Qxg3 29. hxg3 Nc3 {and at least Black has
some counterplay.} 30. Rc1 Nxa2 31. Rxc6 Nb4 32. Rc3 a3 $1 {and White is
better, but has to be careful not to let the connected passers through.}) 28.
Qh4 {A bit fancy, as moving the bishop back was perfectly fine.} (28. Be4 Qe7
29. Rd2 {and White is just up a pawn for nothing.}) 28... Qg7 29. Bf5 $4 {
Now this is definitely too much. White was too engrossed in tactics. And this
one falls prey to one.} (29. Be4 $1 {was natural and good. The e5-pawn is
poisoned, and White is again just up a pawn.}) 29... Rxd6 $1 {Removing the
defender, and now Black is just completely winning.} (29... Bxf5 $4 30. Nxf5
Rxf5 31. Qxd8+ {was undoubtedly what White was hoping for.}) 30. Bxh7 $2 {
It was time to cut losses.} (30. exd6 Bxf5 31. h3 {and White is lost but the
d6-pawn gives some realistic chances to create counterplay.}) 30... Rf4 31. Qg3
Rg4 32. Qf3 Rd7 33. Bf5 Bxf5 34. Qxf5 Rf7 (34... Rxg2+ {first was more forcing.
}) 35. Qc8+ $2 (35. Qh5+ {was the last chance.} Kg8 36. g3 {and White is down
a piece and dead lost but at least he's not mated.}) 35... Rf8 36. Qxc6 Rxg2+
37. Kh1 Rxh2+ $1 {Now it's forced mate.} 38. Kxh2 Rxf2+ 39. Kh3 Nf4+ 40. Kh4
Rh2# {0-1 Black wins.} 0-1